| 000 | 00930nam a2200241Ia 4500 | ||
|---|---|---|---|
| 008 | 130821s1987 sp gr spa | ||
| 020 | _a8420636851 | ||
| 040 |
_aCo-BoUCM _bspa |
||
| 041 | 0 | 0 | _aspa |
| 100 | 1 |
_aAristófanes _b444 a. C. - 385 a. C. _9164376 |
|
| 245 | 1 | 4 |
_aLas nubes lisístrata dinero _cAristófanes ;introducción traduccón y notas de Elsa García Novo |
| 260 |
_aMadrid (España) _bAlianza Editorial _c1987 |
||
| 300 | _a241 páginas | ||
| 490 |
_aEl Libro de Bolsillo. _v8222 _aBiblioteca Temática. _aClásicos de Grecia y Roma |
||
| 650 | 0 | 4 |
_aComedia griega _ySiglo V a. C. _911180 |
| 650 | 0 | 4 |
_aLiteratura griega _976 |
| 650 | 0 | 4 |
_aLiteratura griega _ySiglo V a. C. _976 |
| 650 | 0 | 4 |
_aSátira griega _ySiglo V a. C. _924025 |
| 650 | 0 | 4 |
_aTeatro griego _ySiglo V a. C. _925065 |
| 700 | 1 |
_aGarcía Novo, Elsa _9164377 |
|
| 942 |
_cLIBRO _a18 _e1 _mA716n _2DEWEY _h882 _n0 |
||
| 999 |
_c57403 _d57403 |
||